| 000 | 00902nam a2200265Ia 4500 | ||
|---|---|---|---|
| 003 | OSt | ||
| 005 | 20220923211303.0 | ||
| 006 | a|||||r|||| 00| 0 | ||
| 007 | ta | ||
| 008 | 220922b |||||||| |||| 00| 0 hin d | ||
| 020 |
_a9788179171578 (hbk) _c1050 |
||
| 024 | _a283,178 | ||
| 037 |
_b27, 02/02/2015, P. K. Books _cTextual |
||
| 040 |
_aARTS _cARTS _bhin |
||
| 041 |
_2hin _ahin |
||
| 082 | _aX:321, 152Q4 | ||
| 100 |
_aमिश्र, गिरीश _9156290 |
||
| 245 | 0 |
_aउपभोक्ता _b एक विश्लेषण |
|
| 246 | _aUpabhoktā: ek vishleṣhaṇa | ||
| 260 |
_aनई दिल्ली _b ग्रंथ शिल्पी _c2014 |
||
| 300 |
_a213पृ. _ccm. |
||
| 650 | _aअर्थशास्त्र | ||
| 942 |
_hX:321, 152Q4 _cTEXL _2CC |
||
| 999 |
_c298146 _d298146 |
||